Normal view
MARC view
- edited Heumann, UTE Lotz
Entry Personal Name
001 - CONTROL NUMBER
- control field: 6170
003 - CONTROL NUMBER IDENTIFIER
- control field: JO-AjAnu
005 - DATE AND TIME OF LATEST TRANSACTION
- control field: 20230606071312.0
008 - FIXED-LENGTH DATA ELEMENTS
- fixed length control field: 230606|| aca||aabn | a|a d
040 ## - CATALOGING SOURCE
- Original cataloging agency: JO-AjAnu
- Transcribing agency: JO-AjAnu
100 ## - HEADING--PERSONAL NAME
- Personal name: edited Heumann, UTE Lotz
670 ## - SOURCE DATA FOUND
- Source citation: Work cat.: (JO-AjAnu)3198: edited Heumann, UTE Lotz, author, A SOURCEBOOK OF EARLY MODERN EUROPEAN HISTORY: Life, Death, and Everything in Between